01077nam a22002533a 450000100060000000300080000600500170001400800410003103500190007204000270009104100080011808200230012610000430014924501520019226000410034430000330038550400390041865100350045770000240049294200120051699900170052895201400054595201380068527696BD-RjUL20211209051205.0140327s1966 enka 001 0 eng d a(BD-RjUL)27775 aEQOcEQObengdBD-RjUL aeng a942bCHB V-11 19661 aChurchill, Winston,d1874-1965.95109614aThe Blenheim edition of A history of the English-speaking peoples /cwith an intr. and bibliogr. by R.W. Ellisn11.pThe Great Republic (1815-1865) aLondon :bCassel & co. Ltd.,cc1966. axi, 115 p. :bill. ;c20 cm. aIncludes bibliographies and index. 0aGreat BritainxHistory.9850231 aEllis, R. W.985024 2ddccBK c27696d27696 00102ddc40728NFICaRUCLbRUCLcReadingd1991-07-16eBritish Councill0o942 CHB V-11 1966r2014-03-27 00:00:00tC-1w2014-03-27yBK 00102ddc40708NFICaRUCLbRUCLcStackd1991-07-16eBritish Councill0o942 CHB V-11 1966r2014-03-27 00:00:00tC-2w2014-03-27yBK